000 00470nam a2200181Ia 4500
003 GCL
008 140319s9999 xx 000 0 eng d
020 _a0517014971
040 _aGCL /
_cGCL
082 0 4 _a917.55
_bH V
100 1 _aHARRIS, BILL
245 1 0 _aVIRGINIA /
_cHARRIS, BILL
260 _aنيويورك :
_bCRESCENT BOOKS
300 _a128 P
_bCOL.ILL ؛
_c37 cm.
650 0 4 _aGUIDE BOOKS
650 0 4 _aVIRGNIA - DESCRIPTION AND TRAVEL
942 _2ddc
_cBK
999 _c4850
_d4850